000 00182 a2200097 4500
020 _a9781505073010
041 _aeng
100 _aAnonimo
245 _a Language Workbook
942 _cK
999 _c26159
_d26159